00639nam a2200217Ia 4500003000900000008004100009040001300050040001300063041000800076100002600084245003000110250001000140260001600150260000900166300001100175300001000186490000600196942000700202999001700209952019500226IT-RoPAU120407s9999 xx 000 0 und d aIT-RoPAU cIT-RoPAU afra aGabriel Marie Garrone aLe concile: orientations. aParis aOuvrières c1966 a196 p. c18 cm v1 cBK c28143d28143 00102ddc406263_44000000000000071aPAULUSbPAULUSd2012-04-11l0o263.44r2012-04-11 00:00:00w2012-04-11yBKzInserito da: Anna In data: 07 agosto 2011 fondo: Via A.Severo 56 Progr:23005